000 00868nam a22002897a 4500
003 CHAP
005 20220329140355.0
008 971013s1957 r 00010 d
010 _a51070
011 _a52042
035 _a56192
040 _cCHAP
082 _a311.04
_bW35
100 0 0 _aWald, Abraham.
_9120832
245 _aSelected papers in statistics and probability
260 _aStanford :
_bUniversity Press,
_c1957
300 _a702 p.
_b: ilus.
590 _aBATCH-UPD
_b10
_c20130110
_lUCH01
_h0507
590 _aBATCH-UPD
_b10
_c20130410
_lUCH01
_h0145
590 _aBATCH-UPD
_b10
_c20130914
_lUCH01
_h1324
590 _aCONVERSION
_b10
_c20130109
_lUCH01
_h1328
650 1 4 _aEstadística.
_938241
650 1 4 _aProbabilidades.
_991687
901 _aBK
942 _cLIBRO
949 _a311.04 W35
_bBC
_cLIBRO
_d33724002204231
_eLIBRO
_h903
_i56192
_si
_t137.00
999 _c51070
_d51070